000 01152cam a22002771 4500
001 3590356
003 NUST-PNEC
005 20170116180708.0
008 690214s1969 nyua b 001 0 eng
010 _a 67027280
020 _a0070442452
040 _cPNEC
050 0 0 _aTC1645
_b.H35
082 0 0 _a623.8938 MYE
100 _9423
_aMyers, John J.
245 0 0 _aHandbook of ocean and underwater engineering.
_cPrepared under the auspices of North American Rockwell Corporation. Editor-in-chief: John J. Myers; associate editor: Carl H. Holm; contributing editor: Raymond F. McAllister.
260 _aNew York,
_bMcGraw-Hill
_c[1969]
300 _a1 v. (various pagings)
_billus.
_c23 cm.
500 _aIncludes Index http://www.amazon.com/Handbook-Ocean-Underwater-Engineering-Myers/dp/0070442452/ref=sr_1_1?s=books&ie=UTF8&qid=1412050179&sr=1-1&keywords=handbook+of+ocean+and+underwater+engineering
504 _aIncludes bibliographies.
650 0 _aOcean engineering.
_xME
700 1 _aMyers, John J.,
_eed.
710 2 _aNorth American Rockwell Corporation.
906 _a7
_bcbc
_corignew
_du
_encip
_f19
_gy-gencatlg
942 _2ddc
_cBK
999 _c60807
_d60807